[Event "April 9 Early 2024"]
[Site "Chess.com"]
[Date "2024.04.09"]
[Round "4"]
[White "Solovjov, Alexandr"]
[Black "Solcan, Martin"]
[Result "1/2-1/2"]
[Board "246"]
[WhiteFideId "4155807"]
[BlackFideId "14946718"]
[WhiteTitle "CM"]
[BlackTitle "CM"]
[WhiteElo "2234"]
[BlackElo "2445"]
[WhiteTeam "RUS"]
[BlackTeam "SVK"]
[WhiteClock "0:00:11"]
[BlackClock "0:00:18"]
[Variant "Standard"]

1. e4 {[%clk 0:02:59]}  c5 {[%clk 0:02:40]} 2. Nf3 {[%clk 0:02:59]}  g6 {[%clk 0:02:41]} 3. c3 {[%clk 0:02:56]}  d5 {[%clk 0:02:40]} 4. e5 {[%clk 0:02:54]}  Bg4 {[%clk 0:02:37]} 5. d4 {[%clk 0:02:51]}  Nc6 {[%clk 0:02:35]} 6. Be2 {[%clk 0:02:50]}  Nh6 {[%clk 0:02:32]} 7. Na3 {[%clk 0:02:35]}  cxd4 {[%clk 0:02:31]} 8. Nxd4 {[%clk 0:02:22]}  Bxe2 {[%clk 0:02:30]} 9. Qxe2 {[%clk 0:02:22]}  Bg7 {[%clk 0:02:06]} 10. Nxc6 {[%clk 0:02:17]}  bxc6 {[%clk 0:02:00]} 11. e6 {[%clk 0:02:12]}  O-O {[%clk 0:01:56]} 12. O-O {[%clk 0:02:06]}  f5 {[%clk 0:01:57]} 13. Bf4 {[%clk 0:01:58]}  Qb6 {[%clk 0:01:53]} 14. h3 {[%clk 0:01:46]}  Kh8 {[%clk 0:01:44]} 15. Rab1 {[%clk 0:01:08]}  Ng8 {[%clk 0:01:33]} 16. Nc2 {[%clk 0:01:00]}  Nf6 {[%clk 0:01:29]} 17. Kh2 {[%clk 0:00:58]}  Ne4 {[%clk 0:01:29]} 18. f3 {[%clk 0:00:53]}  Nf6 {[%clk 0:01:23]} 19. Be5 {[%clk 0:00:49]}  c5 {[%clk 0:01:20]} 20. g4 {[%clk 0:00:47]}  Qxe6 {[%clk 0:01:19]} 21. g5 {[%clk 0:00:45]}  Qxe5+ {[%clk 0:01:17]} 22. Qxe5 {[%clk 0:00:42]}  Ng4+ {[%clk 0:01:18]} 23. hxg4 {[%clk 0:00:34]}  Bxe5+ {[%clk 0:01:19]} 24. f4 {[%clk 0:00:34]}  Bd6 {[%clk 0:01:16]} 25. Kg3 {[%clk 0:00:32]}  fxg4 {[%clk 0:01:00]} 26. Kxg4 {[%clk 0:00:33]}  Rf5 {[%clk 0:00:59]} 27. Ne3 {[%clk 0:00:25]}  Rf7 {[%clk 0:00:54]} 28. Nxd5 {[%clk 0:00:23]}  Raf8 {[%clk 0:00:50]} 29. Rbe1 {[%clk 0:00:20]}  e5 {[%clk 0:00:45]} 30. Rf3 {[%clk 0:00:15]}  exf4 {[%clk 0:00:43]} 31. Ref1 {[%clk 0:00:14]}  Rf5 {[%clk 0:00:41]} 32. Nxf4 {[%clk 0:00:14]}  Bxf4 {[%clk 0:00:33]} 33. Rxf4 {[%clk 0:00:15]}  Rxf4+ {[%clk 0:00:31]} 34. Rxf4 {[%clk 0:00:16]}  Rxf4+ {[%clk 0:00:30]} 35. Kxf4 {[%clk 0:00:16]}  Kg7 {[%clk 0:00:31]} 36. b4 {[%clk 0:00:14]}  cxb4 {[%clk 0:00:30]} 37. cxb4 {[%clk 0:00:15]}  h5 {[%clk 0:00:31]} 38. gxh6+ {[%clk 0:00:14]}  Kxh6 {[%clk 0:00:31]} 39. b5 {[%clk 0:00:15]}  Kg7 {[%clk 0:00:27]} 40. Ke5 {[%clk 0:00:12]}  Kf7 {[%clk 0:00:27]} 41. a4 {[%clk 0:00:11]}  Ke7 {[%clk 0:00:27]} 42. a5 {[%clk 0:00:12]}  Kd7 {[%clk 0:00:28]} 43. b6 {[%clk 0:00:10]}  axb6 {[%clk 0:00:18]} 44. axb6 {[%clk 0:00:10]}  Kc6 {[%clk 0:00:18]} 45. Kf6 {[%clk 0:00:11]}  Kxb6 {[%clk 0:00:18]} 46. Kxg6 {[%clk 0:00:11]} 1/2-1/2

[Event "April 9 Early 2024"]
[Site "Chess.com"]
[Date "2024.04.09"]
[Round "4"]
[White "Meza Astrada, Agustin"]
[Black "La Villa Rivas, Marlon Javier"]
[Result "0-1"]
[Board "252"]
[WhiteFideId "20018770"]
[BlackFideId "3519546"]
[WhiteTitle "CM"]
[BlackTitle "FM"]
[WhiteElo "2196"]
[BlackElo "2349"]
[WhiteTeam "ARG"]
[BlackTeam "CUB"]
[WhiteClock "0:00:02"]
[BlackClock "0:02:04"]
[Variant "Standard"]

1. e4 {[%clk 0:03:00]}  c5 {[%clk 0:02:56]} 2. Nf3 {[%clk 0:03:01]}  d6 {[%clk 0:02:56]} 3. d4 {[%clk 0:03:01]}  cxd4 {[%clk 0:02:57]} 4. Nxd4 {[%clk 0:03:02]}  Nf6 {[%clk 0:02:57]} 5. Nc3 {[%clk 0:03:02]}  Nc6 {[%clk 0:02:57]} 6. Bg5 {[%clk 0:03:02]}  Bd7 {[%clk 0:02:58]} 7. Qd2 {[%clk 0:02:56]}  Rc8 {[%clk 0:02:57]} 8. Nxc6 {[%clk 0:02:50]}  Bxc6 {[%clk 0:02:56]} 9. f3 {[%clk 0:02:49]}  h6 {[%clk 0:02:56]} 10. Be3 {[%clk 0:02:27]}  a6 {[%clk 0:02:54]} 11. a4 {[%clk 0:02:18]}  e6 {[%clk 0:02:53]} 12. Be2 {[%clk 0:01:51]}  Be7 {[%clk 0:02:52]} 13. O-O {[%clk 0:01:51]}  O-O {[%clk 0:02:52]} 14. a5 {[%clk 0:01:51]}  d5 {[%clk 0:02:50]} 15. Bb6 {[%clk 0:01:51]}  Qd7 {[%clk 0:02:50]} 16. e5 {[%clk 0:01:48]}  Nh7 {[%clk 0:02:50]} 17. f4 {[%clk 0:01:44]}  f6 {[%clk 0:02:48]} 18. Bg4 {[%clk 0:01:39]}  f5 {[%clk 0:02:44]} 19. Bf3 {[%clk 0:01:35]}  g5 {[%clk 0:02:44]} 20. g3 {[%clk 0:01:35]}  g4 {[%clk 0:02:43]} 21. Bg2 {[%clk 0:01:35]}  h5 {[%clk 0:02:44]} 22. Qd4 {[%clk 0:01:27]}  Rf7 {[%clk 0:02:39]} 23. Rfc1 {[%clk 0:01:17]}  Nf8 {[%clk 0:02:38]} 24. Bf1 {[%clk 0:01:15]}  h4 {[%clk 0:02:37]} 25. Na4 {[%clk 0:01:15]}  Bxa4 {[%clk 0:02:33]} 26. Rxa4 {[%clk 0:01:03]}  Ng6 {[%clk 0:02:28]} 27. c3 {[%clk 0:00:50]}  Rh7 {[%clk 0:02:22]} 28. Bg2 {[%clk 0:00:47]}  Qb5 {[%clk 0:02:09]} 29. Bf1 {[%clk 0:00:37]}  Qxb2 {[%clk 0:02:04]} 30. Qd3 {[%clk 0:00:02]} 0-1

[Event "April 9 Early 2024"]
[Site "Chess.com"]
[Date "2024.04.09"]
[Round "4"]
[White "Bauyrzhan, Arnash"]
[Black "Kriti Mayur Patel"]
[Result "1/2-1/2"]
[Board "254"]
[WhiteFideId "13706322"]
[BlackFideId "35061780"]
[WhiteTitle "WFM"]
[BlackTitle "WCM"]
[WhiteElo "2327"]
[BlackElo "2196"]
[WhiteTeam "KAZ"]
[BlackTeam "IND"]
[WhiteClock "0:00:03"]
[BlackClock "0:00:16"]
[Variant "Standard"]

1. e4 {[%clk 0:03:00]}  e5 {[%clk 0:03:00]} 2. Nf3 {[%clk 0:03:00]}  Nc6 {[%clk 0:03:00]} 3. d4 {[%clk 0:02:59]}  exd4 {[%clk 0:03:01]} 4. Bc4 {[%clk 0:02:59]}  Nf6 {[%clk 0:03:00]} 5. O-O {[%clk 0:02:59]}  Nxe4 {[%clk 0:03:01]} 6. Re1 {[%clk 0:02:59]}  d5 {[%clk 0:03:02]} 7. Bxd5 {[%clk 0:02:59]}  Qxd5 {[%clk 0:03:03]} 8. Nc3 {[%clk 0:02:59]}  Qa5 {[%clk 0:03:03]} 9. Nxe4 {[%clk 0:02:59]}  Be6 {[%clk 0:03:03]} 10. Bd2 {[%clk 0:03:00]}  Bb4 {[%clk 0:03:03]} 11. c3 {[%clk 0:03:00]}  Be7 {[%clk 0:02:48]} 12. cxd4 {[%clk 0:02:55]}  Qb6 {[%clk 0:02:15]} 13. Bg5 {[%clk 0:02:46]}  O-O-O {[%clk 0:01:47]} 14. Bxe7 {[%clk 0:02:43]}  Nxe7 {[%clk 0:01:48]} 15. Nc5 {[%clk 0:02:42]}  Rhe8 {[%clk 0:01:23]} 16. Nxe6 {[%clk 0:02:36]}  fxe6 {[%clk 0:01:22]} 17. Qe2 {[%clk 0:02:21]}  Nf5 {[%clk 0:01:19]} 18. Rad1 {[%clk 0:02:14]}  Nxd4 {[%clk 0:01:11]} 19. Nxd4 {[%clk 0:01:58]}  Rxd4 {[%clk 0:01:11]} 20. Rxd4 {[%clk 0:01:11]}  Qxd4 {[%clk 0:01:11]} 21. Qh5 {[%clk 0:00:57]}  Rf8 {[%clk 0:01:03]} 22. Rf1 {[%clk 0:00:43]}  Qxb2 {[%clk 0:00:57]} 23. Qxh7 {[%clk 0:00:41]}  Qf6 {[%clk 0:00:53]} 24. Qe4 {[%clk 0:00:35]}  e5 {[%clk 0:00:49]} 25. Qb4 {[%clk 0:00:31]}  Qf5 {[%clk 0:00:35]} 26. Qc5 {[%clk 0:00:28]}  Kb8 {[%clk 0:00:31]} 27. Rc1 {[%clk 0:00:23]}  Qf7 {[%clk 0:00:20]} 28. a4 {[%clk 0:00:15]}  e4 {[%clk 0:00:20]} 29. a5 {[%clk 0:00:14]}  a6 {[%clk 0:00:19]} 30. Rb1 {[%clk 0:00:12]}  Qf4 {[%clk 0:00:17]} 31. Re1 {[%clk 0:00:08]}  Rf5 {[%clk 0:00:12]} 32. Qd4 {[%clk 0:00:07]}  Rxa5 {[%clk 0:00:11]} 33. h3 {[%clk 0:00:05]}  Re5 {[%clk 0:00:11]} 34. Qd8+ {[%clk 0:00:04]}  Ka7 {[%clk 0:00:11]} 35. Qd4+ {[%clk 0:00:05]}  b6 {[%clk 0:00:10]} 36. Qd8 {[%clk 0:00:03]}  Re6 {[%clk 0:00:09]} 37. Qd7 {[%clk 0:00:03]}  Rf6 {[%clk 0:00:09]} 38. Re2 {[%clk 0:00:02]}  e3 {[%clk 0:00:09]} 39. fxe3 {[%clk 0:00:02]}  Qf1+ {[%clk 0:00:09]} 40. Kh2 {[%clk 0:00:02]}  a5 {[%clk 0:00:08]} 41. Qxc7+ {[%clk 0:00:02]}  Ka6 {[%clk 0:00:07]} 42. Qc4+ {[%clk 0:00:02]}  b5 {[%clk 0:00:07]} 43. Qc8+ {[%clk 0:00:01]}  Kb6 {[%clk 0:00:06]} 44. Rd2 {[%clk 0:00:02]}  Qc4 {[%clk 0:00:05]} 45. Rd8 {[%clk 0:00:02]}  Qc7+ {[%clk 0:00:05]} 46. Qxc7+ {[%clk 0:00:02]}  Kxc7 {[%clk 0:00:06]} 47. Ra8 {[%clk 0:00:02]}  b4 {[%clk 0:00:07]} 48. Rxa5 {[%clk 0:00:01]}  Rb6 {[%clk 0:00:07]} 49. Ra1 {[%clk 0:00:01]}  b3 {[%clk 0:00:08]} 50. Rb1 {[%clk 0:00:02]}  b2 {[%clk 0:00:09]} 51. e4 {[%clk 0:00:02]}  Kd6 {[%clk 0:00:09]} 52. Kg3 {[%clk 0:00:02]}  Ke5 {[%clk 0:00:10]} 53. Kf3 {[%clk 0:00:03]}  Rb3+ {[%clk 0:00:11]} 54. Ke2 {[%clk 0:00:03]}  Kxe4 {[%clk 0:00:11]} 55. g4 {[%clk 0:00:02]}  Kd4 {[%clk 0:00:11]} 56. Kd2 {[%clk 0:00:03]}  Rd3+ {[%clk 0:00:09]} 57. Kc2 {[%clk 0:00:03]}  Rxh3 {[%clk 0:00:09]} 58. Rxb2 {[%clk 0:00:03]}  Rg3 {[%clk 0:00:09]} 59. Rb4+ {[%clk 0:00:03]}  Ke5 {[%clk 0:00:10]} 60. Kd2 {[%clk 0:00:03]}  Kf6 {[%clk 0:00:11]} 61. Ke2 {[%clk 0:00:03]}  Kg5 {[%clk 0:00:11]} 62. Kf2 {[%clk 0:00:03]}  Rxg4 {[%clk 0:00:12]} 63. Rb7 {[%clk 0:00:03]}  g6 {[%clk 0:00:12]} 64. Rb6 {[%clk 0:00:03]}  Rf4+ {[%clk 0:00:12]} 65. Kg3 {[%clk 0:00:03]}  Rf5 {[%clk 0:00:12]} 66. Rb7 {[%clk 0:00:03]}  Rc5 {[%clk 0:00:13]} 67. Kg2 {[%clk 0:00:03]}  Rc3 {[%clk 0:00:13]} 68. Rb4 {[%clk 0:00:03]}  Kh5 {[%clk 0:00:13]} 69. Rd4 {[%clk 0:00:03]}  g5 {[%clk 0:00:13]} 70. Ra4 {[%clk 0:00:03]}  g4 {[%clk 0:00:14]} 71. Rb4 {[%clk 0:00:02]}  Kh4 {[%clk 0:00:14]} 72. Rb8 {[%clk 0:00:02]}  Rc2+ {[%clk 0:00:15]} 73. Kg1 {[%clk 0:00:02]}  Kg3 {[%clk 0:00:15]} 74. Rb3+ {[%clk 0:00:02]}  Kf4 {[%clk 0:00:16]} 75. Rd3 {[%clk 0:00:02]}  g3 {[%clk 0:00:16]} 76. Ra3 {[%clk 0:00:02]}  Kg4 {[%clk 0:00:16]} 77. Ra8 {[%clk 0:00:01]}  Kf3 {[%clk 0:00:15]} 78. Ra3+ {[%clk 0:00:02]}  Kg4 {[%clk 0:00:16]} 79. Ra8 {[%clk 0:00:02]}  Rd2 {[%clk 0:00:16]} 80. Rg8+ {[%clk 0:00:01]}  Kf3 {[%clk 0:00:16]} 81. Rf8+ {[%clk 0:00:02]}  Kg4 {[%clk 0:00:16]} 82. Rg8+ {[%clk 0:00:02]}  Kh3 {[%clk 0:00:17]} 83. Rh8+ {[%clk 0:00:02]}  Kg4 {[%clk 0:00:16]} 84. Rg8+ {[%clk 0:00:03]} 1/2-1/2

[Event "April 9 Early 2024"]
[Site "Chess.com"]
[Date "2024.04.09"]
[Round "4"]
[White "Stojanovski, Sandi"]
[Black "Al-Blooshi, Hamad Essa"]
[Result "1-0"]
[Board "256"]
[WhiteFideId "1403249"]
[BlackFideId "9314881"]
[WhiteTitle "FM"]
[BlackTitle "CM"]
[WhiteElo "2321"]
[BlackElo "2183"]
[WhiteTeam "DEN"]
[BlackTeam "UAE"]
[WhiteClock "0:00:05"]
[BlackClock "0:00:14"]
[Variant "Standard"]

1. d4 {[%clk 0:02:57]}  Nf6 {[%clk 0:02:59]} 2. c4 {[%clk 0:02:58]}  g6 {[%clk 0:02:57]} 3. Nc3 {[%clk 0:02:58]}  Bg7 {[%clk 0:02:57]} 4. e4 {[%clk 0:02:58]}  d6 {[%clk 0:02:56]} 5. Nf3 {[%clk 0:02:58]}  O-O {[%clk 0:02:56]} 6. Be2 {[%clk 0:02:59]}  e5 {[%clk 0:02:55]} 7. O-O {[%clk 0:02:59]}  Nc6 {[%clk 0:02:52]} 8. Be3 {[%clk 0:02:59]}  Re8 {[%clk 0:02:40]} 9. d5 {[%clk 0:02:57]}  Ne7 {[%clk 0:02:39]} 10. Nd2 {[%clk 0:02:56]}  c6 {[%clk 0:02:37]} 11. b4 {[%clk 0:02:53]}  cxd5 {[%clk 0:02:37]} 12. cxd5 {[%clk 0:02:53]}  a6 {[%clk 0:02:25]} 13. a4 {[%clk 0:02:52]}  Nd7 {[%clk 0:02:21]} 14. a5 {[%clk 0:02:51]}  f5 {[%clk 0:02:19]} 15. f3 {[%clk 0:02:50]}  f4 {[%clk 0:02:14]} 16. Bf2 {[%clk 0:02:49]}  g5 {[%clk 0:02:15]} 17. Nc4 {[%clk 0:02:43]}  Nf6 {[%clk 0:02:02]} 18. Nb6 {[%clk 0:02:18]}  Rb8 {[%clk 0:02:02]} 19. Rc1 {[%clk 0:02:17]}  Ng6 {[%clk 0:02:00]} 20. Nxc8 {[%clk 0:01:49]}  Rxc8 {[%clk 0:01:59]} 21. Qd3 {[%clk 0:01:43]}  h5 {[%clk 0:01:46]} 22. Na4 {[%clk 0:01:38]}  g4 {[%clk 0:01:38]} 23. Kh1 {[%clk 0:01:29]}  gxf3 {[%clk 0:01:35]} 24. gxf3 {[%clk 0:01:28]}  Rxc1 {[%clk 0:01:30]} 25. Rxc1 {[%clk 0:01:27]}  h4 {[%clk 0:01:11]} 26. Nb6 {[%clk 0:01:23]}  Nh5 {[%clk 0:01:09]} 27. Rc8 {[%clk 0:01:03]}  Qe7 {[%clk 0:00:50]} 28. Qc2 {[%clk 0:00:47]}  Kh7 {[%clk 0:00:42]} 29. Rxe8 {[%clk 0:00:41]}  Qxe8 {[%clk 0:00:40]} 30. Qc8 {[%clk 0:00:41]}  Qe7 {[%clk 0:00:35]} 31. Qg4 {[%clk 0:00:27]}  Kh6 {[%clk 0:00:27]} 32. Bf1 {[%clk 0:00:23]}  Bf6 {[%clk 0:00:19]} 33. Bh3 {[%clk 0:00:21]}  Bg5 {[%clk 0:00:20]} 34. Qe6 {[%clk 0:00:18]}  Qxe6 {[%clk 0:00:19]} 35. Bxe6 {[%clk 0:00:17]}  Ng7 {[%clk 0:00:18]} 36. Bd7 {[%clk 0:00:15]}  Ne7 {[%clk 0:00:18]} 37. Nc8 {[%clk 0:00:14]}  Kg6 {[%clk 0:00:12]} 38. Nxe7+ {[%clk 0:00:13]}  Bxe7 {[%clk 0:00:13]} 39. Bc8 {[%clk 0:00:14]}  b6 {[%clk 0:00:03]} 40. axb6 {[%clk 0:00:13]}  Bd8 {[%clk 0:00:03]} 41. b7 {[%clk 0:00:12]}  Bc7 {[%clk 0:00:04]} 42. Ba7 {[%clk 0:00:11]}  a5 {[%clk 0:00:02]} 43. bxa5 {[%clk 0:00:11]}  Ne8 {[%clk 0:00:02]} 44. b8=Q {[%clk 0:00:11]}  Bxb8 {[%clk 0:00:02]} 45. Bxb8 {[%clk 0:00:12]}  Kf7 {[%clk 0:00:02]} 46. a6 {[%clk 0:00:12]}  Ke7 {[%clk 0:00:03]} 47. a7 {[%clk 0:00:12]}  Kd8 {[%clk 0:00:04]} 48. Bb7 {[%clk 0:00:11]}  Nc7 {[%clk 0:00:03]} 49. Bxc7+ {[%clk 0:00:11]}  Kxc7 {[%clk 0:00:04]} 50. a8=Q {[%clk 0:00:11]}  Kb6 {[%clk 0:00:05]} 51. Qa6+ {[%clk 0:00:11]}  Kc5 {[%clk 0:00:06]} 52. Qc6+ {[%clk 0:00:10]}  Kd4 {[%clk 0:00:07]} 53. Qxd6 {[%clk 0:00:11]}  Ke3 {[%clk 0:00:08]} 54. Qxe5 {[%clk 0:00:11]}  Kf2 {[%clk 0:00:09]} 55. d6 {[%clk 0:00:11]}  Ke2 {[%clk 0:00:10]} 56. d7 {[%clk 0:00:10]}  Kf2 {[%clk 0:00:11]} 57. d8=Q {[%clk 0:00:10]}  Ke2 {[%clk 0:00:11]} 58. Qb2+ {[%clk 0:00:09]}  Ke3 {[%clk 0:00:12]} 59. Qdd4+ {[%clk 0:00:08]}  Kxf3 {[%clk 0:00:12]} 60. Qbf2+ {[%clk 0:00:07]}  Kg4 {[%clk 0:00:13]} 61. Bc8+ {[%clk 0:00:07]}  Kh5 {[%clk 0:00:13]} 62. Qe5+ {[%clk 0:00:07]}  Kh6 {[%clk 0:00:13]} 63. Qfxf4+ {[%clk 0:00:06]}  Kg6 {[%clk 0:00:13]} 64. Qff6+ {[%clk 0:00:06]}  Kh7 {[%clk 0:00:13]} 65. Qee7+ {[%clk 0:00:06]}  Kg8 {[%clk 0:00:14]} 66. Qff8# {[%clk 0:00:05]} 1-0

[Event "April 9 Early 2024"]
[Site "Chess.com"]
[Date "2024.04.09"]
[Round "4"]
[White "Shyam Gandhi"]
[Black "Alcazar Jimenez, Jesus Alberto"]
[Result "0-1"]
[Board "258"]
[WhiteFideId "2052008"]
[BlackFideId "2209756"]
[BlackTitle "FM"]
[WhiteElo "2170"]
[BlackElo "2316"]
[WhiteTeam "USA"]
[BlackTeam "ESP"]
[WhiteClock "0:00:00"]
[BlackClock "0:00:43"]
[Variant "Standard"]

1. d4 {[%clk 0:03:00]}  Nf6 {[%clk 0:02:57]} 2. Nc3 {[%clk 0:02:59]}  e6 {[%clk 0:02:56]} 3. Bf4 {[%clk 0:02:56]}  d5 {[%clk 0:02:50]} 4. e3 {[%clk 0:02:52]}  Bb4 {[%clk 0:02:49]} 5. Qd3 {[%clk 0:02:47]}  O-O {[%clk 0:02:43]} 6. a3 {[%clk 0:02:45]}  Bxc3+ {[%clk 0:02:42]} 7. Qxc3 {[%clk 0:02:43]}  c6 {[%clk 0:02:40]} 8. Qd3 {[%clk 0:02:41]}  Nbd7 {[%clk 0:02:33]} 9. f3 {[%clk 0:02:35]}  Re8 {[%clk 0:02:32]} 10. g4 {[%clk 0:02:33]}  e5 {[%clk 0:02:31]} 11. Bxe5 {[%clk 0:02:30]}  Nxe5 {[%clk 0:02:31]} 12. dxe5 {[%clk 0:02:29]}  Rxe5 {[%clk 0:02:31]} 13. h4 {[%clk 0:02:23]}  Qe8 {[%clk 0:02:29]} 14. Kf2 {[%clk 0:02:20]}  Bxg4 {[%clk 0:02:28]} 15. fxg4 {[%clk 0:02:12]}  Nxg4+ {[%clk 0:02:28]} 16. Kg2 {[%clk 0:02:08]}  Nxe3+ {[%clk 0:02:23]} 17. Kf2 {[%clk 0:02:08]}  Rf5+ {[%clk 0:02:06]} 18. Nf3 {[%clk 0:02:07]}  Ng4+ {[%clk 0:01:46]} 19. Kg3 {[%clk 0:02:07]}  Nh6 {[%clk 0:01:45]} 20. Bh3 {[%clk 0:01:59]}  Qb8+ {[%clk 0:01:43]} 21. Kg2 {[%clk 0:01:53]}  Rf6 {[%clk 0:01:40]} 22. Ng5 {[%clk 0:01:50]}  Rg6 {[%clk 0:01:37]} 23. Rhf1 {[%clk 0:00:21]}  f6 {[%clk 0:01:35]} 24. Rae1 {[%clk 0:00:14]}  fxg5 {[%clk 0:01:28]} 25. Be6+ {[%clk 0:00:14]}  Kh8 {[%clk 0:01:28]} 26. h5 {[%clk 0:00:14]}  Rf6 {[%clk 0:01:20]} 27. Rxf6 {[%clk 0:00:14]}  gxf6 {[%clk 0:01:20]} 28. Rf1 {[%clk 0:00:05]}  Qe5 {[%clk 0:01:18]} 29. Bd7 {[%clk 0:00:03]}  Rf8 {[%clk 0:01:12]} 30. Qb3 {[%clk 0:00:03]}  Qe2+ {[%clk 0:01:02]} 31. Kg1 {[%clk 0:00:02]}  Ng4 {[%clk 0:00:53]} 32. Qg3 {[%clk 0:00:01]}  Qe3+ {[%clk 0:00:50]} 33. Qxe3 {[%clk 0:00:01]}  Nxe3 {[%clk 0:00:51]} 34. Rf3 {[%clk 0:00:02]}  d4 {[%clk 0:00:51]} 35. c3 {[%clk 0:00:01]}  c5 {[%clk 0:00:50]} 36. cxd4 {[%clk 0:00:01]}  cxd4 {[%clk 0:00:50]} 37. Kf2 {[%clk 0:00:02]}  f5 {[%clk 0:00:48]} 38. Rh3 {[%clk 0:00:02]}  h6 {[%clk 0:00:47]} 39. Rh1 {[%clk 0:00:02]}  f4 {[%clk 0:00:47]} 40. Rc1 {[%clk 0:00:02]}  g4 {[%clk 0:00:46]} 41. Rc7 {[%clk 0:00:02]}  g3+ {[%clk 0:00:44]} 42. Kf3 {[%clk 0:00:00]}  g2 {[%clk 0:00:43]} 0-1

[Event "April 9 Early 2024"]
[Site "Chess.com"]
[Date "2024.04.09"]
[Round "4"]
[White "Hartikainen, Jarmo"]
[Black "Korol, Dimitry"]
[Result "1/2-1/2"]
[Board "260"]
[WhiteFideId "503134"]
[BlackFideId "14108003"]
[WhiteTitle "CM"]
[WhiteElo "2160"]
[BlackElo "2316"]
[WhiteTeam "FIN"]
[BlackTeam "UKR"]
[WhiteClock "0:01:00"]
[BlackClock "0:00:12"]
[Variant "Standard"]

1. e4 {[%clk 0:03:00]}  c5 {[%clk 0:03:00]} 2. c3 {[%clk 0:02:59]}  d5 {[%clk 0:03:00]} 3. exd5 {[%clk 0:02:59]}  Qxd5 {[%clk 0:03:01]} 4. d4 {[%clk 0:02:59]}  cxd4 {[%clk 0:03:02]} 5. cxd4 {[%clk 0:03:00]}  Nc6 {[%clk 0:03:02]} 6. Nf3 {[%clk 0:03:00]}  e5 {[%clk 0:03:03]} 7. Nc3 {[%clk 0:02:59]}  Bb4 {[%clk 0:03:03]} 8. Bd2 {[%clk 0:02:56]}  Bxc3 {[%clk 0:03:02]} 9. Bxc3 {[%clk 0:02:56]}  e4 {[%clk 0:03:02]} 10. Ne5 {[%clk 0:02:56]}  Nxe5 {[%clk 0:03:02]} 11. dxe5 {[%clk 0:02:56]}  Ne7 {[%clk 0:03:03]} 12. Be2 {[%clk 0:02:20]}  O-O {[%clk 0:03:02]} 13. O-O {[%clk 0:02:19]}  Re8 {[%clk 0:03:00]} 14. f4 {[%clk 0:02:10]}  exf3 {[%clk 0:01:26]} 15. Bxf3 {[%clk 0:02:08]}  Qb5 {[%clk 0:01:17]} 16. a4 {[%clk 0:01:59]}  Qd7 {[%clk 0:00:55]} 17. Qb3 {[%clk 0:01:46]}  Qe6 {[%clk 0:00:48]} 18. Qxe6 {[%clk 0:01:43]}  Bxe6 {[%clk 0:00:48]} 19. Bxb7 {[%clk 0:01:41]}  Rab8 {[%clk 0:00:48]} 20. Be4 {[%clk 0:01:36]}  Nd5 {[%clk 0:00:46]} 21. Bxd5 {[%clk 0:01:33]}  Bxd5 {[%clk 0:00:47]} 22. Rfd1 {[%clk 0:01:27]}  Bb3 {[%clk 0:00:39]} 23. Rd7 {[%clk 0:01:25]}  a6 {[%clk 0:00:39]} 24. h3 {[%clk 0:01:22]}  h5 {[%clk 0:00:38]} 25. a5 {[%clk 0:01:19]}  Kh7 {[%clk 0:00:34]} 26. Rf1 {[%clk 0:01:18]}  Rbc8 {[%clk 0:00:22]} 27. Rf3 {[%clk 0:01:11]}  Be6 {[%clk 0:00:18]} 28. Ra7 {[%clk 0:01:09]}  Ra8 {[%clk 0:00:18]} 29. Rxa8 {[%clk 0:01:08]}  Rxa8 {[%clk 0:00:19]} 30. Rd3 {[%clk 0:01:09]}  Rc8 {[%clk 0:00:18]} 31. Rd6 {[%clk 0:01:08]}  Bc4 {[%clk 0:00:18]} 32. Kf2 {[%clk 0:01:08]}  Bb5 {[%clk 0:00:15]} 33. Ke3 {[%clk 0:01:08]}  Rc6 {[%clk 0:00:14]} 34. Rxc6 {[%clk 0:01:07]}  Bxc6 {[%clk 0:00:14]} 35. g3 {[%clk 0:01:08]}  Kg6 {[%clk 0:00:14]} 36. h4 {[%clk 0:01:08]}  Kf5 {[%clk 0:00:13]} 37. Bd4 {[%clk 0:01:07]}  g6 {[%clk 0:00:13]} 38. Bc3 {[%clk 0:01:06]}  Bb5 {[%clk 0:00:14]} 39. Kf3 {[%clk 0:01:01]}  Bc6+ {[%clk 0:00:13]} 40. Ke3 {[%clk 0:01:01]}  Bb5 {[%clk 0:00:14]} 41. Bd4 {[%clk 0:01:00]}  Bc6 {[%clk 0:00:12]} 42. Bc3 {[%clk 0:01:00]} 1/2-1/2

[Event "April 9 Early 2024"]
[Site "Chess.com"]
[Date "2024.04.09"]
[Round "4"]
[White "Lai, Hong Jun"]
[Black "Mena, Martin"]
[Result "1-0"]
[Board "261"]
[WhiteFideId "5729165"]
[BlackFideId "10651225"]
[WhiteTitle "CM"]
[BlackTitle "FM"]
[WhiteElo "2308"]
[BlackElo "2144"]
[WhiteTeam "MAS"]
[BlackTeam "EGY"]
[WhiteClock "0:00:15"]
[BlackClock "0:00:01"]
[Variant "Standard"]

1. Nf3 {[%clk 0:03:00]}  d5 {[%clk 0:02:57]} 2. c4 {[%clk 0:03:00]}  e6 {[%clk 0:02:57]} 3. b3 {[%clk 0:02:59]}  Nf6 {[%clk 0:02:57]} 4. Bb2 {[%clk 0:02:55]}  Be7 {[%clk 0:02:57]} 5. e3 {[%clk 0:02:55]}  O-O {[%clk 0:02:57]} 6. d4 {[%clk 0:02:54]}  c5 {[%clk 0:02:57]} 7. Nbd2 {[%clk 0:02:55]}  cxd4 {[%clk 0:02:56]} 8. exd4 {[%clk 0:02:55]}  Nc6 {[%clk 0:02:57]} 9. Be2 {[%clk 0:02:52]}  Ne4 {[%clk 0:02:56]} 10. O-O {[%clk 0:02:50]}  Bf6 {[%clk 0:02:53]} 11. Nxe4 {[%clk 0:02:47]}  dxe4 {[%clk 0:02:54]} 12. Ne5 {[%clk 0:02:48]}  Bxe5 {[%clk 0:02:43]} 13. dxe5 {[%clk 0:02:49]}  Qg5 {[%clk 0:02:38]} 14. Qc2 {[%clk 0:02:40]}  Nxe5 {[%clk 0:02:33]} 15. Qxe4 {[%clk 0:02:39]}  Nc6 {[%clk 0:02:23]} 16. Rad1 {[%clk 0:02:16]}  e5 {[%clk 0:01:59]} 17. f4 {[%clk 0:01:43]}  exf4 {[%clk 0:01:43]} 18. Qxf4 {[%clk 0:01:40]}  Qxf4 {[%clk 0:01:38]} 19. Rxf4 {[%clk 0:01:40]}  Be6 {[%clk 0:01:36]} 20. Bf3 {[%clk 0:01:08]}  Rfd8 {[%clk 0:01:31]} 21. Rxd8+ {[%clk 0:01:06]}  Rxd8 {[%clk 0:01:30]} 22. Bxc6 {[%clk 0:01:07]}  bxc6 {[%clk 0:01:30]} 23. Rd4 {[%clk 0:01:06]}  Rxd4 {[%clk 0:01:09]} 24. Bxd4 {[%clk 0:01:05]}  a5 {[%clk 0:01:08]} 25. c5 {[%clk 0:00:51]}  Kf8 {[%clk 0:01:00]} 26. Bc3 {[%clk 0:00:48]}  a4 {[%clk 0:01:00]} 27. bxa4 {[%clk 0:00:49]}  Bxa2 {[%clk 0:01:00]} 28. Kf2 {[%clk 0:00:49]}  Ke7 {[%clk 0:00:57]} 29. Bxg7 {[%clk 0:00:48]}  f6 {[%clk 0:00:54]} 30. Bh6 {[%clk 0:00:47]}  Ke6 {[%clk 0:00:53]} 31. Ke3 {[%clk 0:00:45]}  Kd5 {[%clk 0:00:51]} 32. Bf8 {[%clk 0:00:45]}  Kc4 {[%clk 0:00:43]} 33. Kf4 {[%clk 0:00:43]}  Bb1 {[%clk 0:00:40]} 34. Be7 {[%clk 0:00:41]}  Bc2 {[%clk 0:00:37]} 35. a5 {[%clk 0:00:38]}  Kb5 {[%clk 0:00:27]} 36. a6 {[%clk 0:00:38]}  Kxa6 {[%clk 0:00:24]} 37. Bxf6 {[%clk 0:00:39]}  Kb5 {[%clk 0:00:21]} 38. Be7 {[%clk 0:00:39]}  Kc4 {[%clk 0:00:21]} 39. Ke5 {[%clk 0:00:39]}  Kb5 {[%clk 0:00:18]} 40. g4 {[%clk 0:00:39]}  Kc4 {[%clk 0:00:17]} 41. h4 {[%clk 0:00:40]}  Bb1 {[%clk 0:00:15]} 42. g5 {[%clk 0:00:39]}  Bg6 {[%clk 0:00:11]} 43. Kf6 {[%clk 0:00:28]}  Kd5 {[%clk 0:00:11]} 44. Kg7 {[%clk 0:00:25]}  Ke6 {[%clk 0:00:10]} 45. Bd8 {[%clk 0:00:20]}  Kf5 {[%clk 0:00:07]} 46. h5 {[%clk 0:00:15]}  Bxh5 {[%clk 0:00:06]} 47. Kxh7 {[%clk 0:00:16]}  Bf3 {[%clk 0:00:01]} 48. g6 {[%clk 0:00:15]}  Ke6 {[%clk 0:00:01]} 49. g7 {[%clk 0:00:15]}  Be4+ {[%clk 0:00:01]} 50. Kh8 {[%clk 0:00:15]}  Kf7 {[%clk 0:00:01]} 51. g8=Q# {[%clk 0:00:15]} 1-0